Growing pains : adapting copyright for libraries, education, and society /

Bibliographic Details
Other Authors: Gasaway, Laura N.
Format: Book
Language:English
Published: Littleton, Colo. : F.B. Rothman, 1997.
Subjects:

MARC

Tag First Indicator Second Indicator Subfields
LEADER 00000cam a2200000 a 4500
001 in00001403953
005 20151020054248.0
008 970127s1997 cou b 001 0 eng
010 |a  97001727  
020 |a 0837706548 (cloth : alk. paper) 
035 |a (OCoLC)36301408 
035 |9 AHN0932AM 
040 |a DLC  |c DLC  |d C#P  |d UtOrBLW 
049 |a TXAM 
050 0 0 |a KF3030.1  |b .G7 1997 
082 0 0 |a 346.7304/82  |2 21 
245 0 0 |a Growing pains :  |b adapting copyright for libraries, education, and society /  |c Laura N. Gasaway, editor. 
264 1 |a Littleton, Colo. :  |b F.B. Rothman,  |c 1997. 
300 |a xiii, 558 pages ;  |c 24 cm. 
336 |a text  |b txt  |2 rdacontent 
337 |a unmediated  |b n  |2 rdamedia 
338 |a volume  |b nc  |2 rdacarrier 
504 |a Includes bibliographical references and index. 
650 0 |a Fair use (Copyright)  |z United States. 
650 0 |a Copyright  |z United States. 
700 1 |a Gasaway, Laura N. 
948 |a Copy stat. #1,3 and #5-7 are surpressed. -rr 
999 |a MARS 
999 f f |s 9be6cdda-3439-3670-a323-e816b16c6f09  |i e3758d01-04c3-32c8-add5-299385a7ac1e  |t 0 
952 f f |p ric  |a Texas A&M University  |b Rellis Campus  |c Joint Library Facility  |d Remote Storage  |t 0  |e KF3030.1 .G7 1997  |h Library of Congress classification  |i unmediated -- volume  |m A14822096333 
998 f f |a KF3030.1 .G7 1997  |t 0  |l Remote Storage